000 00311nam a2200121Ia 4500
008 190216s9999||||xx |||||||||||||| ||und||
100 _aSankaran.N
245 4 _aThe Mathematics Student
250 _a1st Ed.
260 _bThe Indian Mathematical Society
_c1985
650 _aMathematical Geography
942 _cBK
999 _c30927
_d30927